Discographie de PNL - Statistiques

Statistiques générales
  • Ce quiz a été pris 14 778 fois
  • Le résultat moyen est 43 sur 69
Statistiques - réponses
Réponse % Correct
Le M
95%
DA
93%
Au DD
88%
Deux frères
87%
Onizuka
81%
Naha
80%
Le monde ou rien
79%
Jusqu'au dernier gramme
78%
Bené
76%
Dans la légende
76%
A l'ammoniaque
74%
Blanka
74%
Chang
73%
J'suis QLF
73%
La misère est si belle
71%
PNL
70%
91's
69%
Capuche
69%
Je vis je visser
69%
Uranus
69%
Zoulou tchaing
68%
Déconnecté
67%
J'suis PNL
67%
Mexico
66%
Autre monde
64%
Ryuk
64%
Tempête
64%
Frontières
63%
Luz de Luna
63%
Menace
62%
Sibérie
62%
Cœurs
61%
Kratos
61%
Lala
61%
Oh lala
61%
Shenmue
61%
Sur Paname
61%
Bambina
60%
Je t'haine
60%
Simba
60%
Hasta la vista
59%
J'comprends pas
59%
Kuta ubud
59%
Mira
59%
Humain
58%
Bang
57%
Celsius
57%
Comme pas deux
57%
Porte de Mesrine
57%
Cramés
55%
Rebenga
55%
Dans la soucoupe
54%
Gala gala
53%
Abonné
52%
Athéna
52%
Dans ta rue
52%
La vie est belle
52%
Que la mif
52%
Différents
51%
Plus Tony que Sosa
50%
Sheita
50%
De la fenêtre au ter ter
49%
Tu sais pas
49%
J'vends
48%
La petite voix
44%
Laisse
43%
Recherche du bonheur
43%
Loin des hommes
39%
Obligés de prendre
38%
Aucun quiz correspondant
Distribution des résultats
% des personnes avec chaque résultat
Percentile par nombre de réponses
Votre historique - résultats
Vous n’avez pas pris ce quiz